Szczegóły MARC21

Zgoda pacjenta na zabieg medyczny /

003 -Nazwa inst., której nr kontr. jest w polu 001 [,]
    • @
    • Nazwa instytucji, której n kontrolny jest w polu 001
    • NUKAT
005 -DATA I CZAS OSTATNIEJ MODYFIKACJI [,]
    • @
    • pole kontrolne
    • 20241231085410.0
020 -Międzynarod. znormalizowany nr książki - ISBN [ , ]
    • a
    • Numer ISBN
    • 8372853169 Find
020 -Międzynarod. znormalizowany nr książki - ISBN [ , ]
    • a
    • Numer ISBN
    • 9788372853165 Find
040 -Instytucja sporządzająca opis [ , ]
    • a
    • Instytucja, która sporządziła opis (NP)
    • WA U/91UKP
    • c
    • Instytucja, która sporządziła rekord (NP)
    • WA U/UKP
    • d
    • Instytucja, która zmodyfikowała rekord (P)
    • WA U/EAD
    • d
    • Instytucja, która zmodyfikowała rekord (P)
    • WA U/91IOs
    • d
    • Instytucja, która zmodyfikowała rekord (P)
    • WA N/PBbj
    • d
    • Instytucja, która zmodyfikowała rekord (P)
    • GD 27/ASs
    • d
    • Instytucja, która zmodyfikowała rekord (P)
    • WA N/PBabs
942 -Rodzaj dokumentu [ , ]
    • c
    • Rodzaj dokumentu
    • Książka
100 -Hasło główne - nazwa osobowa [1, ]
    • a
    • Nazwa osobowa (NP)
    • Świderska, Małgorzata
    • c
    • Dopowiedzenie inne niż daty biograficzne (P)
    • (prawnik).
    • 9
    • KHW
    • 659980
245 -Strefa tytułu i oznaczenia odpowiedzialności [1,0]
    • a
    • Tytuł
    • Zgoda pacjenta na zabieg medyczny / Find
    • c
    • Pozostałe elementy strefy tytułu i oznaczenia odpowiedzialności (NP)
    • Małgorzata Świderska.
260 -Strefa adresu wydawniczego [ , ]
    • a
    • Miejsce wydania (P)
    • Toruń :
    • b
    • Nazwa wydawcy (P)
    • Towarzystwo Naukowe Organizacji i Kierownictwa "Dom Organizatora",
    • c
    • Data wydania (P)
    • 2007.
300 -Strefa opisu fizycznego [ , ]
    • a
    • Określenie formy książki i/lub objętość (NP)
    • 373 s. ;
    • c
    • Format (NP)
    • 24 cm.
336 -Typ zawartości [ , ]
    • a
    • Termin opisujący typ zawartości
    • Tekst
    • b
    • Kod określający zawartość
    • txt
    • 2
    • Źródło (terminu i kodu)
    • rdacontent
337 -Typ mediów [ , ]
    • a
    • Tryb odtwarzania
    • Bez urządzenia pośredniczącego
    • b
    • Kod typu mediów
    • n
    • 2
    • Źródło (terminu i kodu)
    • rdamedia
338 -Typ/rodzaj nośnika [ , ]
    • a
    • Hasło opisujące typ nośnika
    • Wolumin
    • b
    • Kod typu nośnika
    • nc
    • 2
    • Źródło (terminu i kodu)
    • rdacarrier
504 -Uwaga dot. bibliogr. załącznikowej [ , ]
    • a
    • Uwaga dot. bibliografii załącznikowej
    • Bibliogr. s. 359-373.
080 -Uniwersalna Klasyfikacja Dziesiętna [ , ]
    • 2
    • Identyfikator wydania tablic
    • UDC-P022
    • a
    • Symbol klasyfikacji
    • 342.76
    • b
    • Dopowiedzenie
    • Ograniczanie i zawieszanie swobód konstytucyjnych.
    • x
    • Poddział wspólny
    • -056.24
    • b
    • Dopowiedzenie
    • -chorzy, rekonwalescenci.
    • x
    • Poddział wspólny
    • (438)
    • b
    • Dopowiedzenie
    • (Polska).
080 -Uniwersalna Klasyfikacja Dziesiętna [ , ]
    • 2
    • Identyfikator wydania tablic
    • UDC-P022
    • a
    • Symbol klasyfikacji
    • 614.25
    • b
    • Dopowiedzenie
    • Zawód lekarski. Etyka zawodowa. Deontologia lekarska. Odpowiedzialność lekarska.
    • x
    • Poddział wspólny
    • (438)
    • b
    • Dopowiedzenie
    • (Polska).
650 -Hasło przedmiotowe [ ,7]
    • a
    • Hasło przedmiotowe
    • Zgoda na leczenie
    • z
    • Określnik geograficzny
    • Polska.
    • 2
    • Źródło terminu
    • kaba
    • 9
    • KHW
    • 387911
650 -Hasło przedmiotowe [ ,7]
    • a
    • Hasło przedmiotowe
    • Leczenie przymusowe
    • z
    • Określnik geograficzny
    • Polska.
    • 2
    • Źródło terminu
    • kaba
    • 9
    • KHW
    • 469838
650 -Hasło przedmiotowe [ ,7]
    • a
    • Hasło przedmiotowe
    • Prawo medyczne
    • z
    • Określnik geograficzny
    • Polska.
    • 2
    • Źródło terminu
    • kaba
    • 9
    • KHW
    • 386145
650 -Hasło przedmiotowe [ ,7]
    • a
    • Hasło przedmiotowe
    • Etyka lekarska
    • 2
    • Źródło terminu
    • DBN
980 -Symbol UKD [ , ]
    • a
    • UKD
    • 342.76-056.24:614.25](438)
710 -Hasło dodatkowe - nazwa ciała zbiorowego [2, ]
    • a
    • Nazwa ciała zbiorowego lub nazwa geograficzna jako pierwszy element (NP)
    • Towarzystwo Naukowe Organizacji i Kierownictwa.
    • b
    • Nazwa jednostki podrzędnej (P)
    • Dom Organizatora.
    • 4
    • Kod relacji
    • pbl
    • 9
    • KHW
    • 53670
920 -ISBN [ , ]
    • a
    • ISBN
    • 83-7285-316-9 Find
920 -ISBN [ , ]
    • a
    • ISBN
    • 978-83-7285-316-5 Find
Data inwentaryzacji Lokalizacja Status udost. Numer inwentarzowy Sygnatura
2007-06-28BSA-11SA.15363SA.15363
2015-08-12GW-3GW.419161